00354pab a2200133 454500008004000000100002100040245006800061260000900129300001500138362000800153650001500161700001800176773002600194180718b2017 xxu||||| |||| 00| 0 eng d aChohan, Usman W. aThe presidentialisation thesis and parliamentary budget offices c2017 ap.361-376. aApr aPresidents aJacobs, Kerry aParliamentary Affairs